Резьба по дереву: Руководство по художественной плоскостной и геометрической резьбе по дереву

Detaylı Bibliyografya
Yazar: Соколов В. И.
Dil:Rusça
Baskı/Yayın Bilgisi: Москва, КОИЗ, 1936
Konular:
Materyal Türü: Kitap
KOHA link:https://koha.lib.tpu.ru/cgi-bin/koha/opac-detail.pl?biblionumber=238028

MARC

LEADER 00000nam0a2200000 4500
001 238028
005 20231031205023.0
010 |b 3400 экз. 
035 |a (RuTPU)RU\TPU\book\259209 
090 |a 238028 
100 |a 20130521d1936 m y0rusy50 ca 
101 0 |a rus 
102 |a RU 
105 |a af z 000zy 
200 1 |a Резьба по дереву  |e Руководство по художественной плоскостной и геометрической резьбе по дереву  |f В. И. Соколов 
210 |a Москва  |c КОИЗ  |d 1936 
215 |a 128 с.  |c ил., цв. ил. 
610 1 |a художественные промыслы 
610 1 |a дерево 
610 1 |a художественная обработка 
610 1 |a художественная резьба 
610 1 |a древесина 
610 1 |a породы 
610 1 |a инструменты 
610 1 |a плоскостная резьба 
610 1 |a геометрическая резьба 
610 1 |a руководства 
675 |a 745.51  |v 3 
700 1 |a Соколов  |b В. И. 
801 1 |a RU  |b 63413507  |c 20130521 
801 2 |a RU  |b 63413507  |c 20130521  |g RCR 
942 |c BK